Land resources of the Northern and Luapula Provinces, Zambia: a reconnaissance assessment (Record no. 80591)

MARC details
000 -LEADER
fixed length control field 01041nam a2200193 a 4500
008 - FIXED-LENGTH DATA ELEMENTS--GENERAL INFORMATION
fixed length control field 120416s1975 ||||||||||||||||| || u
050 ## - LIBRARY OF CONGRESS CALL NUMBER
Classification number GB 365.Z2 Lan
100 ## - MAIN ENTRY--PERSONAL NAME
Personal name Mansfield, J. E
245 10 - TITLE STATEMENT
Title Land resources of the Northern and Luapula Provinces, Zambia: a reconnaissance assessment
260 ## - PUBLICATION, DISTRIBUTION, ETC.
Place of publication, distribution, etc. Surrey
Name of publisher, distributor, etc. Ministry of Overseas Development
Date of publication, distribution, etc. 1975
300 ## - PHYSICAL DESCRIPTION
Extent 3 vol.
350 ## -
-- 0.00
650 ## - SUBJECT ADDED ENTRY--TOPICAL TERM
Topical term or geographic name entry element NATURAL RESOURCES-- ZAMBIA
650 ## - SUBJECT ADDED ENTRY--TOPICAL TERM
Topical term or geographic name entry element LAND USE--ZAMBIA
995 ## -
-- SPECIAL COLLECTIONS
-- 0.00
-- 700165
-- CBU-MAIN LIBRARY (Kitwe)
-- 2
-- 0.00
-- ZAM GB 365.Z2 Lan
-- 2
-- AVAILABLE
-- 56216
-- Zambiana Collection
995 ## -
-- SPECIAL COLLECTIONS
-- 0.00
-- 56217
-- CBU-MAIN LIBRARY (Kitwe)
-- 3
-- 0.00
-- ZAM GB 365.Z2 Lan
-- 3
-- AVAILABLE
-- 56217
-- Zambiana Collection
995 ## -
-- SPECIAL COLLECTIONS
-- 0.00
-- 700166
-- CBU-MAIN LIBRARY (Kitwe)
-- 1
-- 0.00
-- ZAM GB 365.Z2 Lan
-- 1
-- AVAILABLE
-- 56215
-- Zambiana Collection
995 ## -
-- SPECIAL COLLECTIONS
-- 0.00
-- 56218
-- CBU-MAIN LIBRARY (Kitwe)
-- 4
-- 0.00
-- ZAM GB 365.Z2 Lan
-- 4
-- AVAILABLE
-- 56218
-- Zambiana Collection
999 ## -
-- 80591
-- 80591
Holdings
Withdrawn status Lost status Source of classification or shelving scheme Damaged status Not for loan Permanent Location Current Location Shelving location Date acquired Total Checkouts Full call number Barcode Date last seen Copy number Price effective from Koha item type
          CBU-MAIN LIBRARY, KITWE. CBU-MAIN LIBRARY, KITWE.   06/30/2023   GB 365.Z2 Lan 56216 06/30/2023 1 06/30/2023 SPECIAL COLLECTION
          CBU-MAIN LIBRARY, KITWE. CBU-MAIN LIBRARY, KITWE.   06/30/2023   GB 365.Z2 Lan 56217 06/30/2023 2 06/30/2023 SPECIAL COLLECTION
          CBU-MAIN LIBRARY, KITWE. CBU-MAIN LIBRARY, KITWE.   06/30/2023   GB 365.Z2 Lan 56215 06/30/2023 3 06/30/2023 SPECIAL COLLECTION
          CBU-MAIN LIBRARY, KITWE. CBU-MAIN LIBRARY, KITWE.   06/30/2023   GB 365.Z2 Lan 56218 06/30/2023 4 06/30/2023 SPECIAL COLLECTION